[Event "Manhem Chessweek IM"]
[Site "www.ssmanhem.se"]
[Date "2013.08.10"]
[Round "1"]
[White "Johansson, Linus"]
[Black "Zelbel, Patrick"]
[Result "1/2-1/2"]
[WhiteElo "2345"]
[BlackElo "2393"]
[PlyCount "20"]
[EventDate "2013.08.10"]

1. d4 Nf6 2. c4 e6 3. Nc3 Bb4 4. e3 O-O 5. Bd3 d5 6. Nf3 c5 7. O-O Nc6 8. a3
Ba5 9. h3 h6 10. Nxd5 Bb6 1/2-1/2

[Event "Manhem Chessweek IM"]
[Site "www.ssmanhem.se"]
[Date "2013.08.10"]
[Round "1"]
[White "Carstensen, Jacob"]
[Black "Ziegler, Ari"]
[Result "1-0"]
[WhiteElo "2379"]
[BlackElo "2346"]
[PlyCount "99"]
[EventDate "2013.08.10"]

1. d4 Nf6 2. c4 g6 3. Nc3 Bg7 4. e4 d6 5. Nf3 O-O 6. Be2 e5 7. O-O Nc6 8. d5
Ne7 9. b4 Nh5 10. Re1 f5 11. Ng5 Nf6 12. Bf3 c6 13. Ba3 h6 14. Ne6 Bxe6 15.
dxe6 Qc7 16. b5 Rfd8 17. bxc6 bxc6 18. Rb1 Kh7 19. Qa4 Qc8 20. Red1 Qxe6 21.
Rb7 f4 22. Rxa7 Rxa7 23. Qxa7 Qxc4 24. Qa5 Rd7 25. Rxd6 c5 26. Be2 Qg8 27. Qxc5
Rb7 28. Rb6 Rxb6 29. Qxb6 Nc8 30. Qc7 Qe6 31. Bc4 Qg4 32. h3 Qd7 33. Qxd7 Nxd7
34. Be6 Ncb6 35. Bd6 Bf8 36. Bc7 Bb4 37. Nd5 Nxd5 38. exd5 Nc5 39. Bxe5 Nd3 40.
Bc7 Bc5 41. d6 Bxf2+ 42. Kf1 Bh4 43. Bc4 Nc5 44. Bb5 f3 45. gxf3 Bg3 46. a4 Nb7
47. a5 Nxa5 48. Bxa5 Bxd6 49. Ke2 Be5 50. Kd3 1-0

[Event "Manhem Chessweek IM"]
[Site "www.ssmanhem.se"]
[Date "2013.08.10"]
[Round "1"]
[White "Kumar, Rahul"]
[Black "Hultin, Johan"]
[Result "0-1"]
[WhiteElo "2194"]
[BlackElo "2287"]
[PlyCount "92"]
[EventDate "2013.08.10"]

1. Nf3 d5 2. d4 Nf6 3. Bf4 e6 4. e3 c5 5. c3 Bd6 6. dxc5 Bxc5 7. Nbd2 O-O 8.
Bd3 b6 9. Ne5 Ba6 10. Bc2 Nbd7 11. Ng4 Re8 12. Qf3 Nxg4 13. Qxg4 e5 14. Bg5 Qc7
15. Bb3 e4 16. Bf4 Ne5 17. Bxe5 Rxe5 18. Nf1 Ba3 19. Rb1 Bd3 20. Qd1 Bxb1 21.
Qxb1 Bd6 22. Qd1 Rd8 23. h4 Re7 24. g4 b5 25. Qe2 b4 26. c4 dxc4 27. Qxc4 Be5
28. Nd2 Bxb2 29. Ke2 Qb7 30. Qc2 Bc3 31. Nc4 Qb5 32. Rd1 Rc8 33. Kf1 h5 34. Qe2
hxg4 35. Nd6 Qxe2+ 36. Kxe2 Rd8 37. Nf5 Red7 38. Rg1 Rd2+ 39. Kf1 Rd1+ 40. Bxd1
Rxd1+ 41. Kg2 Rxg1+ 42. Kxg1 a5 43. Ne7+ Kh7 44. Kf1 a4 45. Nd5 Bd2 46. Ke2 b3
0-1

[Event "Manhem Chessweek IM"]
[Site "www.ssmanhem.se"]
[Date "2013.08.10"]
[Round "1"]
[White "Berggren Torell, Harald"]
[Black "Fries Nielsen, Jens Ove"]
[Result "0-1"]
[WhiteElo "2114"]
[BlackElo "2376"]
[PlyCount "90"]
[EventDate "2013.08.10"]

1. f4 e6 2. Nf3 f5 3. b3 Nf6 4. c4 g6 5. Bb2 Bg7 6. g3 O-O 7. Bg2 d6 8. O-O e5
9. fxe5 Ng4 10. e3 Nc6 11. h3 Ngxe5 12. d4 Nd7 13. Nc3 Nf6 14. Kh2 Re8 15. Re1
Bh6 16. d5 Ne5 17. Nxe5 Rxe5 18. Nb5 a6 19. Bxe5 dxe5 20. Nc3 e4 21. Qc2 Qd6
22. Qf2 Bd7 23. Ne2 Rf8 24. Rad1 g5 25. Nd4 Nh5 26. Ne6 Bxe6 27. dxe6 Qxe6 28.
Qd2 Nf6 29. Qa5 Rf7 30. Rd8+ Kg7 31. Rf1 b5 32. Ra8 Qe5 33. Rxa6 Nh5 34. Qe1
bxc4 35. bxc4 Rd7 36. Qa1 Qxa1 37. Rxa1 Rd2 38. Rb1 f4 39. gxf4 gxf4 40. Rxh6
Kxh6 41. Kg1 f3 42. Bf1 Rxa2 43. Rb8 Ng3 44. Rg8 f2+ 45. Kg2 Nf5 0-1

[Event "Manhem Chessweek IM"]
[Site "www.ssmanhem.se"]
[Date "2013.08.11"]
[Round "2"]
[White "Ziegler, Ari"]
[Black "Berggren Torell, Harald"]
[Result "1/2-1/2"]
[WhiteElo "2346"]
[BlackElo "2114"]
[PlyCount "112"]
[EventDate "2013.08.10"]

1. d4 d6 2. e4 g6 3. c4 e5 4. d5 Bh6 5. h4 Bxc1 6. Qxc1 Nf6 7. Nc3 Nbd7 8. Be2
Nc5 9. h5 Nxh5 10. b4 Na6 11. Bxh5 gxh5 12. a3 Rg8 13. Kf1 Bg4 14. Qe3 Qg5 15.
Qxg5 Rxg5 16. f3 Bd7 17. Kf2 c6 18. Nge2 Nc7 19. Ng3 Ke7 20. Rxh5 Rxh5 21. Nxh5
a5 22. Rc1 axb4 23. axb4 Ra3 24. c5 Rb3 25. cxd6+ Kxd6 26. Nf6 Rxb4 27. f4 Bc8
28. Rd1 exf4 29. dxc6+ Kxc6 30. Ncd5 Nxd5 31. exd5+ Kd6 32. Ne8+ Ke5 33. d6 Bd7
34. Re1+ Kf5 35. Re7 Bxe8 36. Rxe8 Rd4 37. Rb8 Rd2+ 38. Kf3 Rd3+ 39. Kf2 Rd2+
40. Kf3 Rxd6 41. Rxb7 Rd3+ 42. Ke2 Re3+ 43. Kf2 Kf6 44. Rb4 Re5 45. Kf3 Kg5 46.
Rb7 Rf5 47. Ra7 h5 48. Rb7 Kg6 49. Rb8 Kf6 50. Rb6+ Kg7 51. Rb2 Rf6 52. Ra2 Kg6
53. Ra7 Rf5 54. Ra8 f6 55. Ke4 f3 56. gxf3 Rb5 1/2-1/2

[Event "Manhem Chessweek IM"]
[Site "www.ssmanhem.se"]
[Date "2013.08.11"]
[Round "2"]
[White "Zelbel, Patrick"]
[Black "Rydström, Tom"]
[Result "1-0"]
[WhiteElo "2393"]
[BlackElo "2185"]
[PlyCount "59"]
[EventDate "2013.08.10"]

1. e4 e5 2. f4 exf4 3. Nf3 g5 4. Nc3 g4 5. Ne5 Qh4+ 6. g3 fxg3 7. Qxg4 Qxg4 8.
Nxg4 d6 9. Ne3 c6 10. hxg3 Na6 11. b3 Be6 12. Bb2 Bg7 13. O-O-O Nf6 14. Bh3
O-O-O 15. Rdf1 Nd7 16. Nf5 Bxf5 17. Rxf5 f6 18. Rh5 h6 19. Ne2 Rde8 20. d3 c5
21. Rf1 Rhf8 22. Nf4 Nc7 23. Rh4 Kd8 24. Nh5 Bh8 25. Nf4 Bg7 26. Rg4 Bh8 27.
Nh5 Ne6 28. Rg6 Ng5 29. Bxd7 Kxd7 30. Rxh6 1-0

[Event "Manhem Chessweek IM"]
[Site "www.ssmanhem.se"]
[Date "2013.08.11"]
[Round "2"]
[White "Hultin, Johan"]
[Black "Westerberg, Jonathan"]
[Result "1-0"]
[WhiteElo "2287"]
[BlackElo "2413"]
[PlyCount "133"]
[EventDate "2013.08.10"]

1. d4 Nf6 2. Nf3 c5 3. d5 e6 4. c4 exd5 5. cxd5 Bd6 6. g3 Bc7 7. Bg2 d6 8. O-O
O-O 9. b3 Re8 10. Bb2 Bg4 11. h3 Bxf3 12. Bxf3 Nbd7 13. Na3 a6 14. Bg2 b5 15.
Nc2 Rb8 16. Rc1 Ne4 17. Bxe4 Rxe4 18. f3 Re8 19. e4 Qg5 20. Kg2 f5 21. Nd4 f4
22. g4 cxd4 23. Rxc7 Qh4 24. Qe1 Qd8 25. Rc1 Ne5 26. Qf2 Qa5 27. Qxd4 Qxa2 28.
Ra1 Qxb3 29. Rxa6 Rbc8 30. Rc6 Rxc6 31. dxc6 Qc2+ 32. Kh1 Qxc6 33. Rc1 Qb7 34.
Qxd6 Nc4 35. Qd4 Qe7 36. Qd5+ Kh8 37. Qxb5 Nxb2 38. Qxb2 Qh4 39. Qh2 h6 40.
Qxf4 Qxh3+ 41. Kg1 Kg8 42. Rb1 Rf8 43. Rb8 Rxb8 44. Qxb8+ Kh7 45. Qf4 Qh4 46.
Kf1 Qh1+ 47. Kf2 Qh4+ 48. Ke2 Qh3 49. Qe3 Qh2+ 50. Qf2 Qe5 51. Kf1 Qf4 52. Kg2
Kh8 53. Qe2 Qe5 54. Qe3 Qb2+ 55. Kg3 Qb8+ 56. e5 Kg8 57. f4 Kf7 58. f5 Qb4 59.
Kh3 Ke7 60. Kh4 Kf7 61. Qa7+ Kg8 62. Qe3 Qe7+ 63. Kg3 Qb4 64. Kh3 Qb1 65. e6 h5
66. e7 hxg4+ 67. Kxg4 1-0

[Event "Manhem Chessweek IM"]
[Site "www.ssmanhem.se"]
[Date "2013.08.11"]
[Round "2"]
[White "Fries Nielsen, Jens Ove"]
[Black "Johansson, Linus"]
[Result "0-1"]
[WhiteElo "2376"]
[BlackElo "2345"]
[PlyCount "66"]
[EventDate "2013.08.10"]

1. d4 Nf6 2. Bf4 b6 3. Nc3 e6 4. e4 Bb4 5. e5 Ne4 6. Qg4 Nxc3 7. a3 Nd5+ 8.
axb4 Nxf4 9. Qxf4 Bb7 10. h4 Qe7 11. c3 O-O 12. Nh3 d6 13. Qg3 dxe5 14. dxe5 a5
15. b5 Nd7 16. Rd1 Rfd8 17. Rd4 Qc5 18. f4 Nf8 19. Rc4 Qd5 20. Kf2 Qd2+ 21. Kg1
Qxb2 22. Rxc7 Rd7 23. Rxd7 Nxd7 24. f5 Rc8 25. fxe6 fxe6 26. Qg4 Bd5 27. Ng5
Qxc3 28. Nxe6 Qe3+ 29. Kh2 Qxe5+ 30. Nf4 Rf8 31. g3 Nf6 32. Qd1 Bxh1 33. Kxh1
Ne4 0-1

[Event "Manhem Chessweek IM"]
[Site "www.ssmanhem.se"]
[Date "2013.08.11"]
[Round "2"]
[White "Kumar, Rahul"]
[Black "Carstensen, Jacob"]
[Result "0-1"]
[WhiteElo "2194"]
[BlackElo "2379"]
[PlyCount "126"]
[EventDate "2013.08.10"]

1. Nf3 Nf6 2. d4 e6 3. Bg5 h6 4. Bh4 d6 5. e3 g5 6. Bg3 Nh5 7. Bc4 Bg7 8. Nfd2
Nxg3 9. fxg3 h5 10. h3 Nc6 11. Be2 g4 12. hxg4 Qg5 13. Nf1 hxg4 14. Rxh8+ Bxh8
15. Bxg4 Bd7 16. c3 Ne7 17. Nbd2 O-O-O 18. Bf3 Nf5 19. Qb3 d5 20. c4 Bc6 21.
Qa3 Kb8 22. O-O-O Bg7 23. g4 Nd6 24. Ng3 Bh6 25. Ngf1 Ne4 26. Nxe4 dxe4 27. Be2
Qf6 28. Qc3 Qf2 29. Qd2 Qxg2 30. Re1 Bg5 31. Bd1 Qh3 32. Qa5 f6 33. Qc5 Bh4 34.
Qh5 Be8 35. Qh6 Rxd4 36. Nd2 Rxd2 37. Ba4 Rd8 38. Qh8 Qxg4 39. Rd1 Rc8 40. Bxe8
Bg5 41. Qh5 Bxe3+ 42. Kb1 Qxh5 43. Bxh5 Bg5 44. Bf7 e5 45. Be6 Rh8 46. Kc2 a5
47. Re1 Rh2+ 48. Kb3 e3 49. Kc3 Rd2 50. Bg4 Rd4 51. Be2 Bh4 52. Rh1 Ka7 53. a3
a4 54. c5 f5 55. Bd3 Bf2 56. Rh7 Rxd3+ 57. Kxd3 e4+ 58. Ke2 f4 59. Re7 f3+ 60.
Kf1 Bg3 61. Rxe4 e2+ 62. Rxe2 fxe2+ 63. Kxe2 Be5 0-1

[Event "Manhem Chessweek IM"]
[Site "www.ssmanhem.se"]
[Date "2013.08.11"]
[Round "3"]
[White "Berggren Torell, Harald"]
[Black "Kumar, Rahul"]
[Result "0-1"]
[WhiteElo "2114"]
[BlackElo "2194"]
[PlyCount "24"]
[EventDate "2013.08.10"]

1. e4 d6 2. d4 Nf6 3. Nc3 g6 4. Bg5 Bg7 5. Qd2 h6 6. Bh4 c6 7. f4 d5 8. e5 Nh7
9. O-O-O g5 10. fxg5 hxg5 11. Bxg5 Nxg5 12. Qxg5 Bh6 0-1

[Event "Manhem Chessweek IM"]
[Site "www.ssmanhem.se"]
[Date "2013.08.11"]
[Round "3"]
[White "Westerberg, Jonathan"]
[Black "Zelbel, Patrick"]
[Result "0-1"]
[WhiteElo "2413"]
[BlackElo "2393"]
[PlyCount "94"]
[EventDate "2013.08.10"]

1. d4 Nf6 2. c4 e6 3. g3 c5 4. d5 exd5 5. cxd5 d6 6. Nc3 g6 7. Bg2 Bg7 8. Nf3
O-O 9. O-O a6 10. a4 Nbd7 11. Bf4 Qe7 12. e4 Ng4 13. Bg5 f6 14. Bd2 Rb8 15. Qe2
Nge5 16. h3 Nxf3+ 17. Bxf3 Ne5 18. Bg2 c4 19. b4 cxb3 20. Rab1 Nd7 21. Rxb3 Nc5
22. Rb6 f5 23. Bf4 Be5 24. exf5 Qc7 25. Bxe5 Qxb6 26. Bd4 Bxf5 27. Qe7 Rf7 28.
Qe3 Qc7 29. g4 Bd7 30. Nd1 Re8 31. Qc3 Bxa4 32. Ne3 Nb3 33. Qb4 Nxd4 34. Qxd4
Bb5 35. Rd1 Qc5 36. Qxc5 dxc5 37. g5 Kf8 38. h4 Rd8 39. Rc1 c4 40. Bf1 Rf4 41.
Rc3 Rxh4 42. Ng2 Rg4 43. Rh3 Kg7 44. Rh1 Rxd5 45. Rh2 Rd1 46. Rh1 c3 47. Rh2
Rxf1# 0-1

[Event "Manhem Chessweek IM"]
[Site "www.ssmanhem.se"]
[Date "2013.08.11"]
[Round "3"]
[White "Johansson, Linus"]
[Black "Ziegler, Ari"]
[Result "1/2-1/2"]
[WhiteElo "2345"]
[BlackElo "2346"]
[PlyCount "79"]
[EventDate "2013.08.10"]

1. d4 Nf6 2. c4 g6 3. Nc3 Bg7 4. Nf3 O-O 5. Bg5 h6 6. Bh4 c5 7. d5 d6 8. e3 a6
9. Be2 b5 10. cxb5 axb5 11. Bxb5 Ba6 12. O-O Bxb5 13. Nxb5 g5 14. Bg3 Qb6 15.
Qd3 Na6 16. a3 Rfc8 17. Nc3 Qxb2 18. Na4 Qb7 19. e4 c4 20. Qc2 Nd7 21. Rab1 Qa7
22. h3 c3 23. Rfe1 Nac5 24. Nxc5 Qxc5 25. a4 Rab8 26. Rxb8 Rxb8 27. Rc1 Rb2 28.
Qd3 Nb6 29. Kh2 Nxa4 30. e5 dxe5 31. Nxe5 Bxe5 32. Bxe5 Qxf2 33. Rg1 Re2 34. d6
exd6 35. Qxd6 c2 36. Qd8+ Kh7 37. Qd3+ Kg8 38. Qd8+ Kh7 39. Qd3+ Kg8 40. Qd8+
1/2-1/2

[Event "Manhem Chessweek IM"]
[Site "www.ssmanhem.se"]
[Date "2013.08.11"]
[Round "3"]
[White "Carstensen, Jacob"]
[Black "Hultin, Johan"]
[Result "0-1"]
[WhiteElo "2379"]
[BlackElo "2287"]
[PlyCount "80"]
[EventDate "2013.08.10"]

1. d4 e6 2. c4 Bb4+ 3. Bd2 a5 4. Nc3 d6 5. e4 e5 6. a3 Bxc3 7. Bxc3 exd4 8.
Qxd4 Nf6 9. f3 O-O 10. Ne2 Nc6 11. Qd2 Nd7 12. Rd1 a4 13. Ng3 Nc5 14. Be2 Be6
15. O-O f6 16. Nh5 Bf7 17. Nf4 Nb3 18. Qc2 Qb8 19. Kh1 Qa7 20. Bd3 Ne5 21. Nd5
c6 22. Ne7+ Kh8 23. Nf5 Rad8 24. Be2 Qb8 25. f4 Ng6 26. Bb4 c5 27. Bc3 Rfe8 28.
Bd3 b5 29. cxb5 d5 30. exd5 Bxd5 31. Qf2 c4 32. Bc2 Qxb5 33. Qg3 Re2 34. Rf2
Rxc2 35. Rxc2 Bxg2+ 36. Kxg2 Rxd1 37. Re2 Rd8 38. Qe3 Nc1 39. Nh6 Qd5+ 40. Kf2
Nxe2 0-1

[Event "Manhem Chessweek IM"]
[Site "www.ssmanhem.se"]
[Date "2013.08.12"]
[Round "4"]
[White "Kumar, Rahul"]
[Black "Johansson, Linus"]
[Result "1-0"]
[WhiteElo "2194"]
[BlackElo "2345"]
[PlyCount "155"]
[EventDate "2013.08.10"]

1. Nf3 Nf6 2. d4 e6 3. e3 b6 4. Bd3 Bb7 5. O-O d5 6. Nbd2 Bd6 7. b3 O-O 8. Bb2
Ne4 9. c4 f5 10. Qe2 a5 11. Rac1 a4 12. Rfd1 axb3 13. axb3 Ra2 14. Nb1 Nd7 15.
Rc2 Qe8 16. Nbd2 Qa8 17. Nf1 Rxb2 18. Rxb2 Nc3 19. Qc2 Nxd1 20. Qxd1 e5 21. Be2
e4 22. N3d2 c6 23. b4 f4 24. Bg4 Nf6 25. c5 fxe3 26. Be6+ Kh8 27. Nxe3 Bc7 28.
Ndf1 Qa3 29. Qb3 Qxb3 30. Rxb3 Ra8 31. h4 g6 32. g4 Kg7 33. g5 Nh5 34. b5 Nf4
35. bxc6 Bxc6 36. cxb6 Nxe6 37. bxc7 Nxc7 38. Nc2 Bb5 39. Nfe3 Ba6 40. Rb6 Ra7
41. Nb4 Bc4 42. Kg2 h6 43. Nc6 Ra6 44. Nxc4 dxc4 45. Rb7 Rxc6 46. d5 Rd6 47.
Rxc7+ Kh8 48. Rc8+ Kh7 49. Rc7+ Kh8 50. Rc5 hxg5 51. hxg5 c3 52. f4 exf3+ 53.
Kxf3 Rd8 54. Ke4 Re8+ 55. Kd4 Re1 56. d6 Kg7 57. Rxc3 Kf8 58. Kd5 Ke8 59. Rc8+
Kd7 60. Rc7+ Kd8 61. Rg7 Rd1+ 62. Ke6 Re1+ 63. Kf7 Kd7 64. Rxg6 Rg1 65. Rg8 Rg2
66. g6 Rg1 67. Rh8 Rf1+ 68. Kg7 Kxd6 69. Rf8 Rg1 70. Re8 Kd7 71. Re4 Kd6 72.
Kf7 Kd5 73. Re3 Rf1+ 74. Kg8 Rg1 75. g7 Rg2 76. Rh3 Ke6 77. Kh7 Kf7 78. g8=Q+
1-0

[Event "Manhem Chessweek IM"]
[Site "www.ssmanhem.se"]
[Date "2013.08.12"]
[Round "4"]
[White "Hultin, Johan"]
[Black "Zelbel, Patrick"]
[Result "1-0"]
[WhiteElo "2287"]
[BlackElo "2393"]
[PlyCount "77"]
[EventDate "2013.08.10"]

1. d4 Nf6 2. c4 e6 3. Nc3 Bb4 4. e3 O-O 5. Nge2 d5 6. a3 Bd6 7. Ng3 c5 8. dxc5
Bxc5 9. b4 Be7 10. cxd5 exd5 11. Bb2 Nc6 12. Nb5 a5 13. bxa5 Bg4 14. Be2 Qxa5+
15. Nc3 Bxe2 16. Ngxe2 Ne5 17. O-O Nc4 18. Rb1 Rfd8 19. a4 Ne4 20. Ba1 Bb4 21.
Qd4 Bc5 22. Qd3 Nxf2 23. Rxf2 Bxe3 24. Nd4 Qc5 25. Nd1 Bxf2+ 26. Nxf2 Rxa4 27.
Nf5 Ra3 28. Qe2 d4 29. Qg4 g6 30. Qg5 Rc8 31. Ng4 Kf8 32. Qh6+ Ke8 33. Nf6+ Kd8
34. Bxd4 Qxf5 35. Qf8+ Kc7 36. Qxf7+ Kc6 37. Qxc4+ Kd6 38. Qb4+ Ke6 39. Re1+
1-0

[Event "Manhem Chessweek IM"]
[Site "www.ssmanhem.se"]
[Date "2013.08.12"]
[Round "4"]
[White "Fries Nielsen, Jens Ove"]
[Black "Westerberg, Jonathan"]
[Result "1-0"]
[WhiteElo "2376"]
[BlackElo "2413"]
[PlyCount "69"]
[EventDate "2013.08.10"]

1. e4 c5 2. Nf3 Nc6 3. d3 g6 4. Be2 Bg7 5. O-O Nf6 6. c3 O-O 7. Nbd2 d5 8. e5
Ne8 9. d4 cxd4 10. cxd4 f6 11. exf6 Nxf6 12. Re1 Qb6 13. Nb3 Ne4 14. Be3 Nd6
15. Bd2 a5 16. a4 Bf5 17. Rc1 Nb4 18. Nc5 Nf7 19. Qb3 Bg4 20. Be3 Rad8 21. h3
Bc8 22. Nd3 Bf5 23. Nxb4 Qxb4 24. Qxb4 axb4 25. Rc7 Rd7 26. Rec1 e5 27. a5 Rxc7
28. Rxc7 Ra8 29. Rxb7 e4 30. Nd2 Rxa5 31. g4 Ra1+ 32. Kg2 Re1 33. Rb8+ Bf8 34.
gxf5 Rxe2 35. fxg6 1-0

[Event "Manhem Chessweek IM"]
[Site "www.ssmanhem.se"]
[Date "2013.08.12"]
[Round "4"]
[White "Ziegler, Ari"]
[Black "Rydström, Tom"]
[Result "0-1"]
[WhiteElo "2346"]
[BlackElo "2185"]
[PlyCount "168"]
[EventDate "2013.08.10"]

1. d4 d5 2. c4 dxc4 3. e3 e5 4. Bxc4 exd4 5. exd4 Nf6 6. Nf3 Bb4+ 7. Nc3 Qe7+
8. Ne5 O-O 9. O-O c6 10. Bg5 Be6 11. Bd3 Qd8 12. Bc2 Be7 13. Re1 Nbd7 14. f4
Nxe5 15. fxe5 Nd5 16. Bxe7 Nxe7 17. Kh1 Qd7 18. Qh5 Bf5 19. Bxf5 Qxf5 20. Qe2
Rad8 21. Rad1 Qe6 22. Ne4 Nf5 23. Qf2 b6 24. Rf1 Ne7 25. Qh4 Nf5 26. Qf2 Ne7
27. Qg3 Qg6 28. Qf3 Nd5 29. Ng3 Rd7 30. a3 Rfd8 31. Nf5 Ne7 32. Nd6 Nc8 33. Nf5
Ne7 34. Nd6 Nc8 35. Ne4 h6 36. Qe3 c5 37. Rf4 Rxd4 38. Rdf1 Rd1 39. h3 Rxf1+
40. Rxf1 Rd4 41. Nc3 Ne7 42. Qf2 Nd5 43. Nxd5 Rxd5 44. Re1 Qe6 45. Qe2 Qd7 46.
b4 Rd2 47. Qe4 Qd5 48. Qg4 Qe6 49. Qe4 Qd5 50. Qg4 Rd4 51. Qc8+ Qd8 52. Qf5 Qd7
53. Qf3 cxb4 54. axb4 Rxb4 55. Rd1 Qc8 56. Qd5 Rc4 57. Rf1 Rc7 58. Rf3 Qd7 59.
Qe4 Qc6 60. Qh4 Qc1+ 61. Kh2 Qg5 62. Qe4 Re7 63. Rf5 Qg6 64. h4 Qe6 65. h5 a5
66. g4 Rc7 67. Kg3 Qc6 68. Qe2 a4 69. Rf3 b5 70. e6 fxe6 71. Qd2 Rd7 72. Qb2
Qd6+ 73. Kh3 b4 74. Qc2 b3 75. Qg6 Re7 76. g5 Qd1 77. Rd3 Qh1+ 78. Kg3 Qg1+ 79.
Kh3 Qf1+ 80. Kg3 Qf8 81. gxh6 b2 82. Rf3 Qb8+ 83. Kh3 b1=Q 84. h7+ Kh8 0-1

[Event "Manhem Chessweek IM"]
[Site "www.ssmanhem.se"]
[Date "2013.08.12"]
[Round "4"]
[White "Carstensen, Jacob"]
[Black "Berggren Torell, Harald"]
[Result "1-0"]
[WhiteElo "2379"]
[BlackElo "2114"]
[PlyCount "49"]
[EventDate "2013.08.10"]

1. d4 d6 2. e4 Nf6 3. f3 c5 4. dxc5 Qa5+ 5. Nc3 Qxc5 6. Qd3 a6 7. Be3 Qa5 8.
Qd2 Nbd7 9. Nge2 g6 10. O-O-O b5 11. Kb1 Bb7 12. Nd4 Bg7 13. Bh6 Bxh6 14. Qxh6
Rc8 15. Bd3 Ne5 16. Rhe1 Rc7 17. h3 e6 18. Qg7 Ke7 19. Qxh8 Rc8 20. Qg7 Rg8 21.
Qh6 g5 22. Nf5+ exf5 23. exf5 Qb4 24. Be4 Bxe4 25. Nxe4 1-0

[Event "Manhem Chessweek IM"]
[Site "www.ssmanhem.se"]
[Date "2013.08.13"]
[Round "5"]
[White "Berggren Torell, Harald"]
[Black "Hultin, Johan"]
[Result "1/2-1/2"]
[WhiteElo "2114"]
[BlackElo "2287"]
[PlyCount "86"]
[EventDate "2013.08.10"]

1. e4 c5 2. Nf3 e6 3. d3 Nc6 4. g3 g6 5. Bg2 Bg7 6. O-O Nge7 7. c3 d5 8. Na3 b6
9. Re1 h6 10. exd5 Nxd5 11. Nc2 O-O 12. d4 Ba6 13. Ne3 cxd4 14. Nxd5 exd5 15.
Nxd4 Nxd4 16. cxd4 Qd7 17. Be3 Rac8 18. Qd2 h5 19. Rac1 h4 20. Bh6 h3 21. Bxg7
Kxg7 22. Bf3 Rxc1 23. Rxc1 Re8 24. Qg5 Qe6 25. Qe5+ Qxe5 26. dxe5 Rxe5 27. Bg4
d4 28. f4 Ra5 29. a3 d3 30. Bxh3 d2 31. Rd1 Rd5 32. Bf1 Bc8 33. Kf2 Bg4 34. Be2
Bxe2 35. Kxe2 Rh5 36. h4 Rb5 37. b4 a5 38. Kd3 axb4 39. Kc4 Rc5+ 40. Kxb4 Rd5
41. Kc3 Rc5+ 42. Kb4 Rd5 43. Kc3 Rc5+ 1/2-1/2

[Event "Manhem Chessweek IM"]
[Site "www.ssmanhem.se"]
[Date "2013.08.13"]
[Round "5"]
[White "Johansson, Linus"]
[Black "Carstensen, Jacob"]
[Result "1/2-1/2"]
[WhiteElo "2345"]
[BlackElo "2379"]
[PlyCount "91"]
[EventDate "2013.08.10"]

1. d4 d5 2. c4 c6 3. Nf3 Nf6 4. Nc3 dxc4 5. a4 Bf5 6. Ne5 Nbd7 7. Nxc4 Qc7 8.
g3 e5 9. dxe5 Nxe5 10. Bf4 Nfd7 11. Bg2 g5 12. Ne3 gxf4 13. Nxf5 O-O-O 14. Qc2
Kb8 15. a5 a6 16. O-O fxg3 17. hxg3 h5 18. Rfc1 Nf6 19. Ne4 Nd5 20. Nc5 h4 21.
Nxh4 Rxh4 22. gxh4 Bxc5 23. Qxc5 Ng4 24. Rd1 Qh2+ 25. Kf1 Rg8 26. Rxd5 Ne3+ 27.
Qxe3 Qxg2+ 28. Ke1 Qh1+ 29. Kd2 Qxa1 30. Qe5+ Ka8 31. Rd3 f6 32. Qc3 Re8 33. e3
f5 34. Ke2 f4 35. Qf6 Qxa5 36. Qxf4 Qb5 37. Qf6 c5 38. Kd2 Qb4+ 39. Ke2 Qb5 40.
Kd2 Qb4+ 41. Kd1 Qa4+ 42. b3 Qg4+ 43. Kc2 Qg8 44. Qg5 c4 45. Rd7 cxb3+ 46. Kb2
1/2-1/2

[Event "Manhem Chessweek IM"]
[Site "www.ssmanhem.se"]
[Date "2013.08.13"]
[Round "5"]
[White "Westerberg, Jonathan"]
[Black "Ziegler, Ari"]
[Result "1/2-1/2"]
[WhiteElo "2413"]
[BlackElo "2346"]
[PlyCount "95"]
[EventDate "2013.08.10"]

1. c4 c5 2. Nc3 b6 3. Nf3 Bb7 4. e3 g6 5. d4 Bg7 6. Be2 Nf6 7. d5 d6 8. e4 O-O
9. O-O b5 10. cxb5 a6 11. b6 Nbd7 12. a4 a5 13. h3 Nxb6 14. Bf4 Ba6 15. Bxa6
Rxa6 16. Qe2 Ra8 17. Bh2 Nfd7 18. Kh1 Rb8 19. Nb5 Rb7 20. Ra2 Qb8 21. b3 Nc8
22. Nd2 Ncb6 23. Nc4 Nxc4 24. bxc4 g5 25. h4 h6 26. Ra3 Bf6 27. hxg5 hxg5 28.
f4 Kg7 29. Qg4 Rh8 30. e5 dxe5 31. fxg5 Rxh2+ 32. Kxh2 e4+ 33. Rg3 Be5 34. d6
exd6 35. Kg1 Bxg3 36. Qxg3 Ne5 37. Rf6 d5 38. Nd6 Rb1+ 39. Kh2 Qb2 40. Qf4 Qa1
41. Rxf7+ Nxf7 42. Qxf7+ Kh8 43. Qe8+ Kh7 44. Qh5+ Kg8 45. Qf7+ Kh8 46. Qe8+
Kh7 47. Qh5+ Kg8 48. Qf7+ 1/2-1/2

[Event "Manhem Chessweek IM"]
[Site "www.ssmanhem.se"]
[Date "2013.08.13"]
[Round "5"]
[White "Zelbel, Patrick"]
[Black "Fries Nielsen, Jens Ove"]
[Result "1-0"]
[WhiteElo "2393"]
[BlackElo "2376"]
[PlyCount "49"]
[EventDate "2013.08.10"]
[SourceTitle "CBM 155 Extra"]
[Source "ChessBase"]
[SourceDate "2013.08.26"]
[SourceVersion "1"]
[SourceVersionDate "2013.08.26"]
[SourceQuality "1"]

1. d4 Nf6 2. c4 e6 3. Nc3 Bb4 4. e3 c6 5. Bd3 d6 6. Nge2 Nbd7 7. Qc2 d5 8. O-O
Bd6 9. e4 dxe4 10. Nxe4 Nxe4 11. Bxe4 Nf6 12. Bf3 h5 13. h3 Qc7 14. Re1 b6 15.
Bd2 Bb7 16. Rac1 O-O-O 17. c5 bxc5 18. Qa4 Qb6 19. dxc5 Bxc5 20. Ba5 Bxf2+ 21.
Kf1 Nd5 22. Bxb6 Bxb6 23. Nd4 Ne3+ 24. Rxe3 Rxd4 25. Rxc6+ 1-0

[Event "Manhem Chessweek IM"]
[Site "www.ssmanhem.se"]
[Date "2013.08.14"]
[Round "6"]
[White "Kumar, Rahul"]
[Black "Westerberg, Jonathan"]
[Result "0-1"]
[WhiteElo "2194"]
[BlackElo "2413"]
[PlyCount "116"]
[EventDate "2013.08.10"]

1. Nf3 g6 2. d4 f5 3. g3 Nf6 4. Bg2 Bg7 5. O-O O-O 6. c4 d6 7. Nc3 c6 8. b3 Qa5
9. Qc2 e5 10. Bd2 Qc7 11. Rad1 e4 12. Ne1 Re8 13. Qc1 Qe7 14. Nc2 d5 15. c5 b6
16. b4 a5 17. Na4 bxc5 18. bxc5 Ba6 19. Rfe1 Nh5 20. Be3 Nd7 21. Qd2 Rf8 22. f4
Bb5 23. Nc3 Bc4 24. Na3 Ba6 25. Rb1 Nhf6 26. Rb2 Ng4 27. Nc2 Nxe3 28. Qxe3 Bf6
29. Na4 Rae8 30. Qa3 g5 31. Nb6 Nb8 32. fxg5 Bxg5 33. e3 h5 34. Bf1 Bxf1 35.
Rxf1 h4 36. gxh4 Bxh4 37. Ne1 Bxe1 38. Rg2+ Kh8 39. Rxe1 Rg8 40. Ree2 Qf6 41.
Qc3 Qh4 42. Rg3 Rxg3+ 43. hxg3 Rg8 44. Rh2 Rxg3+ 45. Kh1 Rh3 46. Qd2 f4 47.
Rxh3 Qxh3+ 48. Qh2 Qxh2+ 49. Kxh2 f3 50. Kg3 Kg7 51. Kf2 Kf7 52. Kg3 Ke7 53.
Kf2 Nd7 54. Nc8+ Ke6 55. a4 Nf6 56. Nd6 Ng4+ 57. Ke1 Nxe3 58. Nb7 Nc4 0-1

[Event "Manhem Chessweek IM"]
[Site "www.ssmanhem.se"]
[Date "2013.08.14"]
[Round "6"]
[White "Ziegler, Ari"]
[Black "Zelbel, Patrick"]
[Result "0-1"]
[WhiteElo "2346"]
[BlackElo "2393"]
[PlyCount "82"]
[EventDate "2013.08.10"]

1. d4 Nf6 2. c4 e6 3. Nc3 Bb4 4. e3 b6 5. Bd3 Bb7 6. f3 c5 7. Nge2 Nc6 8. O-O
cxd4 9. exd4 d5 10. cxd5 Nxd5 11. Nxd5 Qxd5 12. Be4 Qd7 13. Qa4 Bd6 14. Rd1 f5
15. Bd3 Nb4 16. Bb5 Bc6 17. Bxc6 Qxc6 18. Qxc6+ Nxc6 19. d5 Bc5+ 20. Kf1 O-O-O
21. Nc3 exd5 22. Rxd5 Rxd5 23. Nxd5 Bd4 24. Nc3 Be5 25. f4 Bxc3 26. bxc3 Re8
27. Rb1 Kc7 28. Rb5 g6 29. h3 a6 30. Rd5 Re6 31. Kf2 Rd6 32. Rxd6 Kxd6 33. Ke2
Kd5 34. Kd3 b5 35. Ba3 Nd8 36. Be7 Ne6 37. g3 a5 38. h4 a4 39. Ba3 Ng7 40. Ke3
Nh5 41. Kf3 Nf6 0-1

[Event "Manhem Chessweek IM"]
[Site "www.ssmanhem.se"]
[Date "2013.08.14"]
[Round "6"]
[White "Berggren Torell, Harald"]
[Black "Johansson, Linus"]
[Result "0-1"]
[WhiteElo "2114"]
[BlackElo "2345"]
[PlyCount "60"]
[EventDate "2013.08.10"]

1. e4 e6 2. d4 d5 3. Nd2 Nf6 4. e5 Nfd7 5. Bd3 c5 6. c3 Nc6 7. Ne2 cxd4 8. cxd4
f6 9. exf6 Nxf6 10. O-O Bd6 11. Nf3 O-O 12. Bf4 Bxf4 13. Nxf4 Ne4 14. Ne2 Rxf3
15. gxf3 Ng5 16. f4 Nh3+ 17. Kh1 Qh4 18. Qd2 Nxf2+ 19. Kg2 Nxd3 20. Qxd3 Bd7
21. Rac1 Rf8 22. Qh3 Qf6 23. Qe3 Be8 24. Rc5 Bh5 25. Ng3 Bg6 26. f5 exf5 27.
Qb3 f4 28. Kh1 Qe6 29. Rxd5 fxg3 30. Rd8 Nxd8 0-1